<?xml version="1.0" encoding="UTF-8"?>
<marc:record xmlns:marc="http://www.loc.gov/MARC21/slim">
   <marc:leader>00000nam a2200000 a 4500</marc:leader>
   <marc:datafield ind1="1" ind2=" " tag="100">
      <marc:subfield code="a">Cass, Kiera</marc:subfield>
      <marc:subfield code="4">aut</marc:subfield>
      <marc:subfield code="e">Verfasser/-in</marc:subfield>
   </marc:datafield>
   <marc:datafield ind1=" " ind2=" " tag="653">
      <marc:subfield code="a">Jugendbuch</marc:subfield>
   </marc:datafield>
   <marc:datafield ind1=" " ind2=" " tag="653">
      <marc:subfield code="a">Fantasy</marc:subfield>
   </marc:datafield>
   <marc:datafield ind1=" " ind2=" " tag="653">
      <marc:subfield code="a">Kinder- und Jugendliteratur</marc:subfield>
   </marc:datafield>
   <marc:datafield ind1=" " ind2=" " tag="653">
      <marc:subfield code="a">Antolin Jugendbuch ab Kl. 9</marc:subfield>
   </marc:datafield>
   <marc:datafield ind1=" " ind2=" " tag="653">
      <marc:subfield code="a">Antolin Klasse-9/10</marc:subfield>
   </marc:datafield>
   <marc:datafield ind1=" " ind2=" " tag="653">
      <marc:subfield code="a">Kinderliteratur</marc:subfield>
   </marc:datafield>
   <marc:datafield ind1="0" ind2="0" tag="245">
      <marc:subfield code="a">Die Elite</marc:subfield>
   </marc:datafield>
   <marc:datafield ind1="0" ind2="0" tag="245">
      <marc:subfield code="b">[Band 2]</marc:subfield>
   </marc:datafield>
   <marc:datafield ind1=" " ind2="1" tag="264">
      <marc:subfield code="b">Fischer  Verl.</marc:subfield>
      <marc:subfield code="c">2015</marc:subfield>
   </marc:datafield>
   <marc:datafield ind1="1" ind2=" " tag="490">
      <marc:subfield code="a">Selection</marc:subfield>
   </marc:datafield>
   <marc:datafield ind1="1" ind2=" " tag="520">
      <marc:subfield code="a">Von den 35 Mädchen, die um die Gunst von Prinz Maxon und die Krone von Illeá kämpfen, sind mittlerweile nur noch 6 übrig. America ist eine von ihnen, und sie ist hin- und hergerissen: Gehört ihr Herz nicht immer noch ihrer großen Liebe Aspen? Aber warum hat sich dann der charmante, gefühlvolle Prinz hineingeschlichen? America muss die schwerste Entscheidung ihres Lebens treffen. Doch dann kommt es zu einem schrecklichen Vorfall, der alles ändert.
Auch im zweiten Band der ›Selection‹-Reihe geht es um die ganz großen Gefühle! Kiera Cass versteht es meisterhaft, das im ersten Band vorgestellte Liebesdreieck noch ein bisschen verzwickter zu machen und die Leserinnen gemeinsam mit America hin- und her schwanken zu lassen: Maxon oder Aspen? Aspen oder Maxon?</marc:subfield>
   </marc:datafield>
   <marc:datafield ind1=" " ind2=" " tag="020">
      <marc:subfield code="a">9783733500955</marc:subfield>
      <marc:subfield code="9">9783733500955</marc:subfield>
   </marc:datafield>
</marc:record>
